Hard disk manager: (Record no. 182850)

MARC details
000 -LEADER
fixed length control field 00826nam a2200241Ia 4500
003 - CONTROL NUMBER IDENTIFIER
control field OSt
005 - DATE AND TIME OF LATEST TRANSACTION
control field 20260120102051.0
008 - FIXED-LENGTH DATA ELEMENTS--GENERAL INFORMATION
fixed length control field 210716s1987 xx 000 0 und d
020 ## - INTERNATIONAL STANDARD BOOK NUMBER
International Standard Book Number 8769265710
040 ## - CATALOGING SOURCE
Transcribing agency AIMIT LIBRARY
041 ## - LANGUAGE CODE
Language code of text/sound track or separate title eng
082 ## - DEWEY DECIMAL CLASSIFICATION NUMBER
Classification number 006.620288
Edition number 1
Item number CAIN
100 ## - MAIN ENTRY--PERSONAL NAME
Personal name Cain, Nancy Woodard.
9 (RLIN) 251798
245 ## - TITLE STATEMENT
Title Hard disk manager:
Remainder of title 25 utilities to customize organize and manage your hard disk system /
Statement of responsibility, etc. By Nancy Woodard Cain and Thomas Cain.
250 ## - EDITION STATEMENT
Edition statement 1st ed.
260 ## - PUBLICATION, DISTRIBUTION, ETC.
Place of publication, distribution, etc. New Delhi :
Name of publisher, distributor, etc. Prentice Hall of India PVt Ltd ,
Date of publication, distribution, etc. 1987.
300 ## - PHYSICAL DESCRIPTION
Extent xv,299p. ;
Other physical details PB
Dimensions 24 cm
650 ## - SUBJECT ADDED ENTRY--TOPICAL TERM
Topical term or geographic name entry element Installing hard disk manager
9 (RLIN) 251799
650 ## - SUBJECT ADDED ENTRY--TOPICAL TERM
Topical term or geographic name entry element File management utilities
9 (RLIN) 251800
650 ## - SUBJECT ADDED ENTRY--TOPICAL TERM
Topical term or geographic name entry element Help screen utilities
9 (RLIN) 251801
700 ## - ADDED ENTRY--PERSONAL NAME
Personal name Cain, Thomas.
9 (RLIN) 251802
942 ## - ADDED ENTRY ELEMENTS (KOHA)
Source of classification or shelving scheme Dewey Decimal Classification
Koha item type Book
Edition 1st
Call number prefix 006.620288 CAIN
Holdings
Withdrawn status Lost status Damaged status Not for loan Collection code Home library Current library Date acquired Cost, normal purchase price Total Checkouts Full call number Barcode Date last seen Cost, replacement price Price effective from Koha item type
        MCA St Aloysius Institute of Management & Information Technology St Aloysius Institute of Management & Information Technology 07/16/2021 59.00   006.620288 CAIN MCA02358 05/23/2026 59.00 07/16/2021 Book